A vajáni egyházközség múltjából egykori vendégszeretet és gyülekezeti munka egy ruszinszkói lelkész híradásában

Bibliographic Details
Main Author: Buza, Zsolt (Author)
Format: Article
Language:Hungarian
ISSN:1335-7298
Subjects:

MARC

LEADER 00000nab a2200000 ar4500
001 vtls009003468
003 SK-MaSNL
005 20260319071256.0
008 070517c2007 xo |||||||| 000 b|hun
015 |a SNBRB2007/05  |2 snkbucl 
038 |a SNKBUCL 
040 |a DSZK  |b slo  |c DSZK  |e AACR2 
041 0 |a hun 
044 |a xo  |c SK 
080 |a 284.2  |x (437.6)  |x (091)  |2 1997 
100 1 |a Buza, Zsolt  |4 aut  |9 103218 
245 1 0 |a A vajáni egyházközség múltjából  |b egykori vendégszeretet és gyülekezeti munka egy ruszinszkói lelkész híradásában  |c Buza Zsolt 
610 2 7 |a Reformovaná kresťanská cirkev na Slovensku  |b Cirkevný zbor (Vojany, Slovensko)  |x dejiny  |2 snkbucl  |9 1065804 
651 7 |a Vojany (Slovensko)  |2 snkbucl  |9 36864 
773 0 |t Kálvinista szemle  |g Évf. LXXVIII, sz. 4 (2007), o. 9  |x 1335-7298 
852 |a SNK  |b KIS3GCP 
852 |a DSZK  |b KIS3GCP 
958 |a HU 
958 |a SK 
958 |a NT 
999 |c 1751718  |d 1753648